| 000 | 00554nam a2200205Ia 4500 | ||
|---|---|---|---|
| 008 | 230125s9999 xx 000 0 und d | ||
| 020 | _a978-81-908452-3-6 | ||
| 041 | _aeng | ||
| 082 |
_a658.8 _bDAT |
||
| 100 |
_aDatta P, Ed. _9113481 |
||
| 245 |
_aThe Marketing Whitebook : 2010-2011 _bOne-Stop Guide for Marketers |
||
| 250 | _a6th Ed. | ||
| 260 |
_c2010 _bBusiness world _aNew Delhi |
||
| 300 | _a450p | ||
| 500 | _amarketing | ||
| 650 | _aMarketing Management | ||
| 700 |
_aDatta P, Ed. _9113481 |
||
| 906 | _b100 | ||
| 999 |
_c90618 _d90618 |
||